000 00438nam a2200181Ia 4500
001 11319
005 20260306162819.0
008 260306t1997||||xx |||||||||||||| ||spa||
041 _aESP
082 _a985.03
_bP19
100 _aPalma, Ricardo [1883-1917]
_eAUT
245 0 _aAnales de la inquisición de Lima
260 _c1997
300 _a262 páginas :
_c20 cm.
650 _aGEN
654 _aCHU
942 _cLIB
_dJUS
_fJUS
_2ddc
_n
999 _c11319
_d11319